Športovo-kongresový areál, Šamorín
Gespeichert in:
| 1. Verfasser: | |
|---|---|
| Weitere Verfasser: | |
| Format: | Manuskript Buch |
| Sprache: | Slowakisch |
| Veröffentlicht: |
2015
|
| Schlagworte: | |
| Online-Zugang: | http://is.stuba.sk/zp/portal_zp.pl?podrobnosti=109712 https://opac.crzp.sk/?fn=detailBiblioForm&sid=78283B71680DBAF21446DB1D22D4 |
| Tags: |
Keine Tags, Fügen Sie das erste Tag hinzu!
|
MARC
| LEADER | 00000ntm a22000003a 4500 | ||
|---|---|---|---|
| 001 | stuzp51515 | ||
| 003 | SK-STU | ||
| 005 | 20231113142921.4 | ||
| 007 | ta | ||
| 008 | 150427s2015----xo-----f-mn---000-0-slo-d | ||
| 040 | |a STU |b slo | ||
| 041 | 0 | |a slo | |
| 100 | 1 | |a Sukovská, Henrieta |u 010270 |4 aut |U SvF Stavebná fakulta |T SvF Katedra technológie stavieb |X 63811 |U V270 |Y 28 |7 63811 | |
| 242 | 0 | 1 | |a Recyclates from construction waste and their use in practice |y eng |
| 245 | 1 | 0 | |a Športovo-kongresový areál, Šamorín |
| 260 | |c 2015 | ||
| 650 | 4 | |a recyklovanie |2 slo | |
| 650 | 4 | |a stavebný odpad |2 slo | |
| 650 | 4 | |a triedenie odpadov |2 slo | |
| 650 | 4 | |a recykling |2 eng | |
| 650 | 4 | |a construction waste |2 eng | |
| 650 | 4 | |a sorting of waste |2 eng | |
| 700 | 1 | |a Szalayová, Sylvia |4 ths |X 961 |7 A000000961 | |
| 856 | 4 | |u http://is.stuba.sk/zp/portal_zp.pl?podrobnosti=109712 | |
| 856 | 4 | |u https://opac.crzp.sk/?fn=detailBiblioForm&sid=78283B71680DBAF21446DB1D22D4 | |
| SQL | |a stuzp51515 |b DDP |c SLO |d Športovo-kongresový areál, Šamorín |e 63811 |f Sukovská, Henrieta |g 010270 |h 961 |i Szalayová, Sylvia |j 20150617 |k 681 |l 01 |m http://is.stuba.sk/zp/portal_zp.pl?podrobnosti=109712 |n I-TS |o 5.2.8. stavebníctvo | ||